Kouzelná vesnička Kouzelné bobulky : Medvěd zachránce : Cesta balónem : Noc v lunaparku

Bibliographic Details
Main Authors: Poncelet, Marianne, 1959- (Author), Busquets, Carlos (Author)
Other Authors: Zedníková, Jarmila (Translator, Illustrator)
Format: Book
Language:Czech
PhysicalDescription:64 s. 23 cm
Published: Bratislava Žilina SLOVART JUNIOR Knihcentrum [vyd.] 1992
ISBN:8071460656
Edition:1. vyd.
Subjects:

MARC

LEADER 00000nam a2200000 a 4500
001 vtls001070270
003 SK-MaSNL
005 20260301193453.0
008 250414s1992 CS 0 cze
015 |a SNBA1993/01 
020 |a 8071460656 
035 |a SNK000013101 
040 |a SNK  |b slo  |c SNK  |e AACR2 
041 0 |a cze 
044 |a xo  |c SK 
080 |a 840 (493)-3(087.5)=850  |2 1981 
100 1 |a Poncelet, Marianne,  |d 1959-  |4 aut  |9 244499 
245 1 0 |a Kouzelná vesnička  |b Kouzelné bobulky : Medvěd zachránce : Cesta balónem : Noc v lunaparku  |c M. Poncelet, Carlos Busquets ; Přel. Jarmila Zedníková ; Ilustr. Carlos Busquets 
250 |a 1. vyd. 
260 |a Bratislava  |b SLOVART JUNIOR  |a Žilina  |b Knihcentrum [vyd.]  |c 1992  |e Košice  |f Východoslovenské tlačiarne 
300 |a 64 s.  |c 23 cm 
500 |a Sadzba FATRIN, spol. s r.o., Martin 
500 |a Ilustr. na tit. liste 
655 7 |a umelecká literatúra  |2 SNK  |9 60405 
700 1 |a Busquets, Carlos  |4 aut  |9 41060 
700 1 |a Zedníková, Jarmila  |4 trl  |4 ill  |9 47867 
852 |a Slovenská národná knižnica 
919 |a 80-7146-065-6 
954 |a beletria cudzojazyčná (svetová)  |2 lita 
954 |a rozprávky autorské 
958 |a CZ 
958 |a DB 
958 |a LX 
958 |a TL 
958 |a UP 
958 |a NS 
968 |b FR  |d Z franc. orig. 
999 |c 877449  |d 879379 
952 |t P60, <05>, [BOOK], {605}  |a SNK  |b SNK  |y PREZ  |7 0  |p 17A0301890  |o snkSC 82984 D1  |i snkKSP 10212/92  |0 0  |1 0  |4 0  |d 2001-05-24  |l 0  |r 2004-12-31 00:00:00  |w 2026-02-24 
952 |a SNK  |b SNK  |y PREZ  |7 0  |p 17A0995034  |o snkSC 82984   |0 0  |1 0  |4 0  |d 2012-08-14  |l 0  |r 2025-08-20 00:00:00  |w 2026-02-24